European Metros Over 1,000,000 Quiz Stats

 Plays Quiz Updated Sep 13, 2018

Score 0/75 Timer 12:00
36 Plays Today
Population City % Correct
14,500,000London, UK
99.2%
11,300,000Paris, France
98.6%
3,600,000Rome, Italy
96.4%
6,250,000Madrid, Spain
96.3%
4,550,000Berlin, Germany
96.3%
17,100,000Moscow, Russia
95.7%
4,650,000Barcelona, Spain
92%
3,400,000Athens, Greece
88.7%
1,160,000Oslo, Norway
88.4%
2,400,000Amsterdam, Netherlands
87.5%
1,350,000Dublin, Ireland
87.1%
2,550,000Lisbon, Portugal
87%
2,125,000Stockholm, Sweden
85.7%
2,300,000Warsaw, Poland
85.3%
2,225,000Munich, Germany
85.3%
5,500,000St. Petersburg, Russia
84.8%
2,200,000Vienna, Austria
84%
14,600,000Istanbul, Turkey
83.7%
3,000,000Manchester, UK
83.5%
5,150,000Milan, Italy
82.7%
2,025,000Brussels, Belgium
81.7%
1,630,000Copenhagen, Denmark
80.6%
1,400,000Prague, Czechia
80.4%
3,400,000Kyiv, Ukraine
80.3%
2,600,000Budapest, Hungary
79.4%
1,250,000Helsinki, Finland
78.2%
2,800,000Hamburg, Germany
72%
1,640,000Glasgow, UK
71.8%
2,200,000Bucharest, Romania
71.5%
4,250,000Naples, Italy
71.1%
3,075,000Birmingham, UK
70.3%
1,650,000Marseille, France
69%
3,175,000Frankfurt, Germany
67.4%
1,960,000Lyon, France
67%
1,840,000Liverpool, UK
66.1%
1,380,000Zurich, Switzerland
65.4%
1,330,000Sofia, Bulgaria
62.8%
1,980,000Minsk, Belarus
62.2%
Population City % Correct
1,150,000Porto, Portugal
61.8%
1,400,000Belgrade, Serbia
57.8%
1,670,000Turin, Italy
56.5%
4,925,000Cologne-Dusseldorf, Germany
54.9%
3,175,000Rotterdam, Netherlands
53.1%
5,700,000Ruhr, Germany
52.2%
1,320,000Seville, Spain
51.1%
1,030,000Antwerp, Belgium
51%
2,100,000Leeds, UK
50.6%
1,750,000Valencia, Spain
50.5%
1,020,000Bordeaux, France
44.1%
2,350,000Stuttgart, Germany
42.5%
1,010,000Toulouse, France
41.5%
1,000,000Málaga, Spain
35.7%
1,460,000Newcastle upon Tyne, UK
34.5%
1,140,000Hanover, Germany
34.1%
1,090,000Odessa, Ukraine
32.7%
1,290,000Lille, France
30.2%
1,530,000Sheffield, UK
29%
1,350,000Nottingham, UK
27.1%
1,140,000Southampton, UK
25.5%
2,375,000Katowice, Poland
24.1%
1,460,000Donetsk, Ukraine
23%
1,410,000Volgograd, Russia
21.1%
1,650,000Kharkov, Ukraine
19.7%
1,180,000Nuremberg, Germany
19.6%
1,230,000Kazan, Russia
17.4%
1,760,000Nizhniy Novgorod, Russia
17.3%
1,290,000Rostov-on-Don, Russia
15.9%
1,320,000Samara, Russia
14.7%
1,550,000Mannheim, Germany
14.6%
1,380,000Dnepropetrovsk, Ukraine
13.8%
1,110,000Perm, Russia
13.1%
1,120,000Ufa, Russia
13%
1,040,000Voronezh, Russia
11.7%
1,410,000Chelyabinsk, Russia
7.7%
1,090,000Saratov, Russia
7.2%

You're not logged in!

Compare scores with friends on all Sporcle quizzes.
OR
Log In

Show Comments

Extras

Top Quizzes Today


Score Distribution

Your Account Isn't Verified!

In order to create a playlist on Sporcle, you need to verify the email address you used during registration. Go to your Sporcle Settings to finish the process.

Report this User

Report this user for behavior that violates our Community Guidelines.

Details: